000 00792nam a22002177a 4500
005 20120104160911.0
008 120104t xxu||||| |||| 00| 0 eng d
010 _aENG-104585
020 _a9789380929064
_c995.00
035 _aEN-88118
037 _bDBAD/PUB
040 _aDPL
_bEng
082 _a305.420954
100 _aSoni, Suman
_938246
245 _aWomen in 21st century /
_cby Suman Soni
260 _aJaipur
_bDND Publications
_c2012
270 _a2, Shivgyan Avenue, (B-7), Near Yojna Bhawan, Yudishter Marg, C-Scheme
_bJaipur
_e302001
300 _a328p.
_c22cm(Hb)
942 _2ddc
_cEN
_h305.420954
_mSON
999 _c60290
_d60290